[Event "Challenge"]
[Site "http://www.queenalice.com/game.php?id=1622403"]
[Date "2020.8.1"]
[Round "-"]
[White "pokemon"]
[Black "rfbcsa"]
[Result "1/2-1/2"]
[WhiteElo "1905"]
[BlackElo "1759"]

1. d4 Nf6 2. e3 g6 3. Nf3 Bg7 4. c3 O-O 5. Nbd2 d5 6. Bd3 b6 7. e4 dxe4 8. Nxe4
Bb7 9. Nxf6+ Bxf6 10. Bh6 Bg7 11. Bxg7 Kxg7 12. O-O Qd6 13. Re1 Re8 14. Re3 Nd7
15. Qb3 e6 16. Ng5 c5 17. Be4 Bxe4 18. Nxe4 Qe7 19. dxc5 Nxc5 20. Nxc5 Qxc5 21.
Rd1 Rad8 22. Red3 Rd5 23. g3 Red8 24. Rxd5 Rxd5 25. Rxd5 Qxd5 26. Qxd5 exd5 27.
Kg2 f5 1/2-1/2

[Event "Porque sí..."]
[Site "http://www.queenalice.com/game.php?id=1624997"]
[Date "2020.8.25"]
[Round "-"]
[White "pokemon"]
[Black "Esporpi63"]
[Result "1-0"]
[WhiteElo "1905"]
[BlackElo "1704"]

1. d4 Nf6 2. e3 c6 3. Nf3 d6 4. c3 Nbd7 5. Bd3 e5 6. Nbd2 Qe7 7. dxe5 dxe5 8.
Ne4 Nc5 9. Nxf6+ Qxf6 10. Bc2 Bg4 11. e4 Rd8 12. Qe2 h6 13. Qe3 b6 14. Nd2 Ne6
15. Qg3 Bh5 16. Nc4 Nc5 17. Qxe5+ Qxe5 18. Nxe5 Rd6 19. f3 f6 20. Nc4 Re6 21.
Be3 b5 22. Nd2 a5 23. O-O Bd6 24. Rfe1 Nd7 25. Nb3 a4 26. Nd4 Re7 27. Nf5 Re5
28. Nxd6+ Kf8 29. Rad1 g5 30. Nf5 Be8 31. c4 h5 32. cxb5 cxb5 33. Bd3 Bg6 34.
Bd4 Re6 35. Bxb5 Ne5 36. Bc5+ Kf7 37. Bxa4 Ra6 38. Bb3+ Ke8 39. Nd6+ 1-0

[Event "Todo menos tablas"]
[Site "http://www.queenalice.com/game.php?id=1626295"]
[Date "2020.9.7"]
[Round "-"]
[White "pokemon"]
[Black "rfbcsa"]
[Result "1-0"]
[WhiteElo "1913"]
[BlackElo "1754"]

1. d4 Nf6 2. e3 g6 3. Nf3 Bg7 4. Bc4 d5 5. Bb3 O-O 6. O-O Nc6 7. c4 Bf5 8. Nc3
e6 9. cxd5 Nxd5 10. Nxd5 exd5 11. Bd2 Be4 12. a3 b5 13. Rc1 Qd6 14. Rc5 Ne7 15.
Rxb5 Bd3 16. Bb4 1-0

[Event "Challenge"]
[Site "http://www.queenalice.com/game.php?id=1626877"]
[Date "2020.9.14"]
[Round "-"]
[White "rfbcsa"]
[Black "pokemon"]
[Result "1/2-1/2"]
[WhiteElo "1754"]
[BlackElo "1923"]

1. e4 c6 2. d4 d5 3. e5 Qb6 4. Be2 c5 5. c3 Nc6 6. Nf3 Bg4 7. Qb3 Qxb3 8. axb3
Bxf3 9. Bxf3 e6 10. Be3 cxd4 11. cxd4 Bb4+ 12. Nc3 Nge7 13. O-O Nf5 14. Rfd1 O-O
15. Ne2 Rfc8 16. Bf4 a6 17. Bg4 Nfe7 18. Nc3 Na5 19. Ra4 Nec6 20. Na2 Be7 21.
Nc1 b5 22. Ra1 Bd8 23. Rd3 Bb6 24. Be3 Rc7 25. Ne2 Nb7 26. Rc3 Ba5 27. Rcc1 Nb4
28. Rxc7 Bxc7 29. Rc1 Rc8 30. f4 Nd3 31. Rb1 Na5 32. f5 Re8 33. Nc1 Nb4 34. Bd2
Nc2 35. b4 Nc6 36. Bc3 N2xd4 37. Bxd4 Nxd4 38. fxe6 Nxe6 39. Nd3 Nd4 40. Rc1 Bb6
41. Kf1 g6 42. Bc8 a5 43. bxa5 Bxa5 44. Bb7 Rd8 45. Rc5 Bb6 46. Rxd5 Rxd5 47.
Bxd5 Nc2 48. Ke2 Ba5 49. Nc5 1/2-1/2

[Event "Contigo en la distancia"]
[Site "http://www.queenalice.com/game.php?id=1635075"]
[Date "2020.12.2"]
[Round "-"]
[White "pokemon"]
[Black "rfbcsa"]
[Result "0-1"]
[WhiteElo "1895"]
[BlackElo "1764"]

1. d4 d5 2. e3 Nf6 3. Nf3 c5 4. c3 cxd4 5. cxd4 Bg4 6. Nbd2 e6 7. Bd3 Bd6 8. e4
dxe4 9. Nxe4 O-O 10. h4 h6 11. Nxf6+ Qxf6 12. Be2 Nc6 13. a3 Bxf3 14. Bxf3 Qxd4
15. Qxd4 Nxd4 16. Bd1 f5 17. O-O Rac8 18. Be3 Be5 19. Bxd4 Bxd4 20. Bb3 Rf6 21.
Rab1 Kh8 22. Rfd1 e5 23. Ba4 f4 24. b4 Rc3 25. Rb3 Rc2 26. Rf3 Rb2 27. Rc1 e4
28. Rb3 Bxf2+ 29. Kf1 Rxb3 30. Bxb3 Bxh4 31. Bd5 e3 32. Rc7 Rd6 33. Be4 Rd1+ 34.
Ke2 Rd2+ 35. Kf3 g5 0-1

[Event "Challenge"]
[Site "http://www.queenalice.com/game.php?id=1635076"]
[Date "2020.12.2"]
[Round "-"]
[White "Arbustov"]
[Black "pokemon"]
[Result "1-0"]
[WhiteElo "1800"]
[BlackElo "1916"]

1. d4 d5 2. e3 e6 3. Nf3 Nf6 4. Bd3 Nbd7 5. c4 c6 6. c5 Qe7 7. h3 e5 8. Bc2 e4
9. Nh2 h6 10. Nc3 Nh7 11. b4 Qh4 12. Qe2 Ndf6 13. Bd2 Be7 14. O-O-O a5 15. b5
O-O 16. b6 Nd7 17. f3 exf3 18. Nxf3 Qf6 19. Rhf1 Qe6 20. g4 Ng5 21. Nxg5 Bxg5
22. e4 Bxd2+ 23. Rxd2 dxe4 24. Nxe4 Qxa2 25. Qd3 Rd8 26. Nd6 Nf6 27. Rxf6 gxf6
28. Qh7+ Kf8 29. Qh8+ Ke7 30. Qxh6 Be6 31. Qe3 Rxd6 32. cxd6+ Kxd6 33. Qf4+ Kd5
34. Be4+ 1-0

[Event "Challenge"]
[Site "http://www.queenalice.com/game.php?id=1635953"]
[Date "2020.12.10"]
[Round "-"]
[White "pokemon"]
[Black "JORAM2205"]
[Result "0-1"]
[WhiteElo "1874"]
[BlackElo "1912"]

1. d4 d5 2. e3 Nf6 3. Nf3 e6 4. Bd3 c5 5. c3 Nc6 6. Nbd2 Bd6 7. a3 c4 8. Bc2 O-O
9. e4 Ng4 10. e5 Be7 11. h4 f5 12. Nf1 Bd7 13. Ng5 h6 14. Nh2 Nxh2 15. Rxh2 hxg5
16. hxg5 Bxg5 17. Qh5 Bxc1 18. Qh8+ Kf7 19. Qh5+ Ke7 20. Rxc1 Rh8 21. Qg5+ Kf7
22. Rh5 Qxg5 23. Rxg5 Rh4 24. g3 Rh2 25. Bd1 Rah8 26. Bf3 b6 27. Ke2 g6 28. Rf1
Kg7 29. Ke3 Nd8 30. g4 Nf7 31. gxf5 Nxg5 32. f6+ Kf7 0-1

[Event "Challenge"]
[Site "http://www.queenalice.com/game.php?id=1648335"]
[Date "2021.3.31"]
[Round "-"]
[White "rfbcsa"]
[Black "pokemon"]
[Result "0-1"]
[WhiteElo "1830"]
[BlackElo "1860"]

1. d4 d5 2. c4 c6 3. cxd5 cxd5 4. Bf4 e6 5. a3 Bd6 6. Bxd6 Qxd6 7. e3 Nf6 8. Nc3
a6 9. Nf3 O-O 10. Bd3 Nbd7 11. O-O b5 12. b4 Bb7 13. Nd2 e5 14. Nb3 e4 15. Nc5
Rab8 16. Be2 Qc7 17. Rc1 Rfc8 18. f3 exf3 19. Bxf3 Re8 20. Nxb7 Qxb7 21. Qe1 Nb6
22. Nb1 Nc4 23. Rc3 Re7 24. Qf2 Rbe8 25. Re1 a5 26. bxa5 Qa6 27. Nd2 Qxa5 28.
Nb1 b4 29. axb4 Qxb4 30. Rec1 Nxe3 31. Rc8 Qxd4 32. Rd1 Nxd1 0-1

[Event "Challenge"]
[Site "http://www.queenalice.com/game.php?id=1649057"]
[Date "2021.4.7"]
[Round "-"]
[White "pokemon"]
[Black "rfbcsa"]
[Result "1-0"]
[WhiteElo "1875"]
[BlackElo "1819"]

1. d4 Nf6 2. e3 e6 3. Bd3 c5 4. c3 d5 5. a3 a6 6. Nf3 Bd6 7. Nbd2 Nc6 8. b4 c4
9. Bc2 b5 10. e4 e5 11. O-O O-O 12. exd5 Nxd5 13. dxe5 Bxe5 14. Nxe5 Nxe5 15.
Bb2 Bg4 16. Qb1 g6 17. Re1 Qg5 18. Ne4 Qf4 19. Bc1 Nf3+ 20. gxf3 Qxf3 21. Bd1
Qh3 22. Bd2 h6 23. Bxg4 Qxg4+ 24. Ng3 f5 25. Bxh6 g5 26. Bxf8 Rxf8 27. Qd1 Qf4
28. Qxd5+ 1-0

[Event "Challenge"]
[Site "http://www.queenalice.com/game.php?id=1649362"]
[Date "2021.4.11"]
[Round "-"]
[White "pokemon"]
[Black "jorm"]
[Result "1-0"]
[WhiteElo "1914"]
[BlackElo "1856"]

1. d4 d5 2. e3 a6 3. Nf3 Nc6 4. c3 Nf6 5. Bd3 h6 6. Nbd2 b6 7. e4 dxe4 8. Nxe4
e6 9. O-O Bb7 10. Nxf6+ Qxf6 11. Re1 g5 12. Be4 O-O-O 13. Ne5 Nxe5 14. Bxb7+
Kxb7 15. Rxe5 Bd6 16. Re3 Ka7 17. Qf3 Qxf3 18. Rxf3 f5 19. Bd2 Rde8 20. Re1 f4
21. g3 g4 22. Rd3 fxg3 23. fxg3 e5 24. dxe5 Rxe5 25. Rf1 h5 26. c4 Re4 27. b3
Rh7 28. Re3 Rd4 29. Rf2 h4 30. gxh4 Rxh4 31. Ree2 g3 32. hxg3 Bxg3 33. Rg2 Rdg4
34. Be1 Bh2+ 35. Kf1 Rf4+ 36. Bf2 Rf3 37. Ke1 Rhh3 38. Kd1 Bd6 39. Kd2 Bb4+ 40.
Kc2 Ba3 41. Be1 a5 42. Rgf2 Rd3 43. Rf7 Kb7 44. Rh7 Rhf3 45. Rh4 Bb4 46. Bxb4
axb4 47. Rhh2 Rf5 48. Kxd3 1-0

[Event "Challenge"]
[Site "http://www.queenalice.com/game.php?id=1649723"]
[Date "2021.4.14"]
[Round "-"]
[White "pokemon"]
[Black "rfbcsa"]
[Result "1-0"]
[WhiteElo "1889"]
[BlackElo "1805"]

1. d4 Nf6 2. e3 g6 3. c3 Bg7 4. Bd3 O-O 5. Nf3 d6 6. O-O Nbd7 7. Nbd2 e5 8. dxe5
Nxe5 9. Be2 Nfd7 10. Nxe5 Nxe5 11. Nf3 f5 12. Qc2 g5 13. Rd1 Nxf3+ 14. Bxf3 c6
15. b3 g4 16. Be2 h5 17. Bb2 Rf7 18. Rd2 Be6 19. Rad1 d5 20. c4 Bxb2 21. Qxb2
Qd6 22. cxd5 Bd7 23. dxc6 Qxc6 24. Bc4 Be6 25. Rd6 1-0

[Event "Veamos"]
[Site "http://www.queenalice.com/game.php?id=1650064"]
[Date "2021.4.18"]
[Round "-"]
[White "rfbcsa"]
[Black "pokemon"]
[Result "0-1"]
[WhiteElo "1803"]
[BlackElo "1902"]

1. e4 c6 2. Nc3 d5 3. Nf3 Bg4 4. h3 Bxf3 5. Qxf3 e6 6. d3 Nd7 7. Bd2 Ngf6 8.
O-O-O Qb6 9. d4 dxe4 10. Nxe4 Qxd4 11. Bd3 Be7 12. Bc3 Qa4 13. Kb1 Nxe4 14. Bxe4
Bf6 15. Bxf6 Nxf6 16. Rhe1 Ke7 17. Bd3 Rhd8 18. g4 h6 19. Qe3 Rd6 20. f4 Rad8
21. Rd2 Nd5 22. Qe4 Qxe4 23. Rxe4 g5 24. f5 Nf4 25. Re3 e5 26. Rxe5+ Kf8 27. Re3
c5 28. b3 a6 29. Rh2 Nxd3 30. cxd3 Rxd3 31. Rxd3 Rxd3 32. Kc2 Rd4 33. a4 Ke7 34.
Rd2 Rxd2+ 35. Kxd2 Kd6 36. Kd3 b5 37. a5 Ke5 38. Ke3 f6 0-1

[Event "Challenge"]
[Site "http://www.queenalice.com/game.php?id=1760109"]
[Date "2021.5.20"]
[Round "-"]
[White "pokemon"]
[Black "rfbcsa"]
[Result "1/2-1/2"]
[WhiteElo "1928"]
[BlackElo "1815"]

1. d4 d5 2. e3 Nf6 3. Nf3 Bf5 4. Bd3 e6 5. Bxf5 exf5 6. Qd3 Ne4 7. Nbd2 Bd6 8.
c4 c6 9. a3 b6 10. b4 Nd7 11. b5 Rc8 12. bxc6 Rxc6 13. cxd5 Rc3 14. Qb1 Qc7 15.
Nxe4 fxe4 16. Qxe4+ Be7 17. O-O Nf6 18. Qe5 O-O 19. Qxc7 Rxc7 20. Bd2 Nxd5 21.
Rac1 Bxa3 1/2-1/2

[Event "Challenge"]
[Site "http://www.queenalice.com/game.php?id=1760339"]
[Date "2021.5.24"]
[Round "-"]
[White "rfbcsa"]
[Black "pokemon"]
[Result "1-0"]
[WhiteElo "1820"]
[BlackElo "1923"]

1. e4 c6 2. Nc3 d5 3. Nf3 Bg4 4. h3 Bxf3 5. Qxf3 e6 6. d3 Nd7 7. Bd2 Ngf6 8. g4
Be7 9. g5 Ng8 10. h4 Ne5 11. Qg2 Qb6 12. O-O-O O-O-O 13. f4 Nd7 14. Qg3 Qd4 15.
Be3 Qb4 16. a3 Qa5 17. Nb1 Bd6 18. e5 Bc7 19. b4 Qa4 20. Kb2 Nb6 21. Nc3 Qa6 22.
Bxb6 Qxb6 23. d4 Ne7 24. Na4 1-0

[Event "Challenge"]
[Site "http://www.queenalice.com/game.php?id=1762302"]
[Date "2021.6.16"]
[Round "-"]
[White "jorm"]
[Black "pokemon"]
[Result "0-1"]
[WhiteElo "1913"]
[BlackElo "1921"]

1. e4 c6 2. d4 d5 3. e5 Qb6 4. Nf3 Bg4 5. Be2 Bxf3 6. Bxf3 e6 7. a3 c5 8. c3 Nc6
9. dxc5 Bxc5 10. Qe2 Nge7 11. O-O Ng6 12. b4 Be7 13. Be3 Qc7 14. g3 Ncxe5 15.
Bg2 O-O 16. Bd4 Nd7 17. Nd2 Bf6 18. Bxf6 Nxf6 19. c4 dxc4 20. Nxc4 Rac8 21. Na5
b6 22. Nb3 Ne7 23. h3 Rfd8 24. Rac1 Qd7 25. Rfd1 Rxc1 26. Rxc1 h6 27. Ra1 Rc8
28. b5 Ned5 29. a4 Qd6 30. Qd3 Rc3 31. Qd1 Qb4 32. Nd4 Rc7 33. Nc6 Qb2 34. Bf1
Ne4 35. Be2 Kf8 36. Rb1 Qf6 37. Qe1 Nec3 38. Rc1 Qg5 39. Bf1 Nxa4 40. Kh2 Ne7
41. f4 Qf6 42. Qd1 Nf5 43. Qd3 Nc5 44. Qa3 h5 45. Rd1 g6 46. Nxa7 h4 47. g4 Nd4
48. Nc6 Qxf4+ 49. Kg2 Qe4+ 50. Kg1 Nxc6 51. bxc6 Rxc6 52. Bg2 Qe2 53. Rf1 Rd6
54. Bf3 Qe5 55. Qa2 Nd3 56. Qh2 Qxh2+ 57. Kxh2 Nf4 58. g5 Rd2+ 59. Kh1 Nxh3 60.
Rb1 Nxg5 61. Bg2 Rd6 62. Rb5 f5 0-1

[Event "Blancas"]
[Site "http://www.queenalice.com/game.php?id=1763708"]
[Date "2021.7.4"]
[Round "-"]
[White "rfbcsa"]
[Black "pokemon"]
[Result "0-1"]
[WhiteElo "1841"]
[BlackElo "1917"]

1. e4 c6 2. Nc3 d5 3. Nf3 Bg4 4. h3 Bxf3 5. Qxf3 e6 6. d3 Qb6 7. a3 Nf6 8. g3
Be7 9. Bg2 Bc5 10. O-O Qc7 11. Bg5 Nfd7 12. exd5 cxd5 13. Rfe1 O-O 14. Bf4 Qd8
15. Na4 Bd4 16. c4 Qa5 17. Qd1 Nf6 18. b4 Qd8 19. Rc1 Nbd7 20. Bd6 Re8 21. c5 b5
22. Nc3 a6 23. Qc2 Qc8 24. Ne2 Be5 25. Bxe5 Nxe5 26. f4 Nc6 27. d4 a5 28. Qb2
Ra7 29. Ra1 Qb7 30. Ra2 Rea8 31. bxa5 Nxa5 32. Nc3 Nc4 33. Qxb5 Qc8 34. Qb3 Rxa3
35. Rxa3 Rxa3 36. Qc2 Ne8 37. Bf1 Nc7 38. Bxc4 dxc4 39. Rb1 Nd5 40. Qb2 Rb3 41.
Qa1 Rxc3 42. Kf2 h6 43. Qa4 Qc7 44. Qa8+ Kh7 45. c6 Nxf4 46. Qb7 Nd3+ 0-1

[Event "Negras"]
[Site "http://www.queenalice.com/game.php?id=1763709"]
[Date "2021.7.4"]
[Round "-"]
[White "pokemon"]
[Black "rfbcsa"]
[Result "1-0"]
[WhiteElo "1903"]
[BlackElo "1846"]

1. d4 Nf6 2. e3 e6 3. Nf3 c5 4. c3 a6 5. Bd3 d5 6. Nbd2 c4 7. Bc2 Be7 8. e4 dxe4
9. Nxe4 b5 10. Nxf6+ Bxf6 11. Qe2 Bb7 12. Be3 Qd5 13. h4 h5 14. Rg1 Nd7 15. Bg5
a5 16. Bxf6 Nxf6 17. Ne5 Ke7 18. Kd2 b4 19. Qxc4 Qxc4 20. Nxc4 bxc3+ 21. bxc3
Be4 22. Rab1 Bxc2 23. Kxc2 Nd5 24. Rb5 Rhc8 25. Nb6 Rxc3+ 26. Kb2 Rb8 27. Nxd5+
exd5 28. Rxb8 1-0

[Event "Veamos"]
[Site "http://www.queenalice.com/game.php?id=1764700"]
[Date "2021.7.18"]
[Round "-"]
[White "rfbcsa"]
[Black "pokemon"]
[Result "1-0"]
[WhiteElo "1816"]
[BlackElo "1942"]

1. e4 c6 2. Nc3 d5 3. Nf3 dxe4 4. Nxe4 Bg4 5. h3 Bh5 6. d3 e6 7. Be2 Bxf3 8.
Bxf3 Nf6 9. Bg5 Be7 10. O-O Nxe4 11. Bxe7 Nxf2 12. Rxf2 Qxe7 13. a3 O-O 14. Qd2
Nd7 15. d4 Rad8 16. c3 Nf6 17. Re1 Rd7 18. Qf4 Nd5 19. Qg3 f5 20. Bxd5 Rxd5 21.
Rfe2 Rd6 22. Qe5 Rf6 23. c4 Qd8 24. Rd2 f4 25. Rf1 Rf5 26. Qe4 Qf6 27. b4 e5 28.
d5 g6 29. Rdf2 Qf7 30. g4 Rg5 31. Rg2 h5 32. h4 Rxg4 33. Rxg4 hxg4 34. Qxe5 Rf6
35. d6 f3 36. d7 1-0

[Event "Dijo un ciego"]
[Site "http://www.queenalice.com/game.php?id=1764701"]
[Date "2021.7.18"]
[Round "-"]
[White "pokemon"]
[Black "rfbcsa"]
[Result "1-0"]
[WhiteElo "1930"]
[BlackElo "1828"]

1. d4 Nf6 2. e3 e6 3. Bd3 d5 4. Nd2 c5 5. c3 Nc6 6. a3 c4 7. Bc2 Bd6 8. Ngf3 O-O
9. e4 dxe4 10. Nxe4 h6 11. Nxf6+ Qxf6 12. a4 b6 13. Qe2 Na5 14. Nd2 Bb7 15. Be4
Bxe4 16. Nxe4 Qe7 17. Nxd6 Qxd6 18. O-O Nb3 19. Rb1 Qd5 20. Qg4 Nxc1 21. Rfxc1
Rae8 22. Re1 e5 23. dxe5 Rxe5 24. Rxe5 Qc6 25. Ra1 Rd8 26. Qe2 Rd6 27. Re8+ Kh7
28. Qe4+ 1-0

[Event "Challenge"]
[Site "http://www.queenalice.com/game.php?id=1771057"]
[Date "2021.9.29"]
[Round "-"]
[White "rfbcsa"]
[Black "pokemon"]
[Result "0-1"]
[WhiteElo "1815"]
[BlackElo "1937"]

1. e4 c6 2. Nc3 d5 3. Nf3 Bg4 4. h3 Bxf3 5. Qxf3 e6 6. d3 Nf6 7. Bd2 Bb4 8.
O-O-O Qa5 9. d4 Bxc3 10. Bxc3 Qc7 11. e5 Ne4 12. g4 c5 13. Qe3 Nc6 14. Bg2 Nxc3
15. Qxc3 cxd4 16. Rxd4 Rc8 17. Ra4 Nxe5 18. Qxc7 Rxc7 19. Rxa7 O-O 20. f4 Rfc8
21. fxe5 Rxc2+ 22. Kb1 Rxg2 23. Rxb7 g6 24. Rf1 Rf8 25. a4 h5 26. gxh5 gxh5 27.
Rf3 Rg1+ 28. Ka2 Rg7 29. a5 f5 30. Rxg7+ Kxg7 31. b4 Ra8 32. Kb3 Kg6 33. h4 Ra7
34. Rf4 Ra8 35. Ka4 Rd8 36. a6 d4 37. a7 d3 38. Rd4 Ra8 39. b5 Rxa7+ 40. Kb4 Rf7
41. Rxd3 f4 42. Kc5 f3 43. Rd1 Kf5 44. Kd6 f2 45. Rf1 Ke4 46. b6 Kf3 47. Kxe6
Rb7 48. Kf5 Kg2 49. Rb1 Rxb6 50. Rd1 Rb5 51. Kf6 f1=Q+ 52. Rxf1 Kxf1 53. e6 Kf2
54. e7 Rb8 55. Kg5 Rh8 56. Kf4 Rg8 0-1

[Event "Viva Zapata!"]
[Site "http://www.queenalice.com/game.php?id=1772620"]
[Date "2021.10.19"]
[Round "-"]
[White "pokemon"]
[Black "rfbcsa"]
[Result "0-1"]
[WhiteElo "1948"]
[BlackElo "1804"]

1. d4 Nf6 2. e3 e6 3. Nf3 c5 4. c3 a6 5. Bd3 b5 6. Nbd2 cxd4 7. cxd4 Bb4 8. a3
Ba5 9. O-O h6 10. b4 Bb6 11. Bb2 O-O 12. Nb3 Bb7 13. Nc5 Bxc5 14. dxc5 d5 15.
Bc2 Re8 16. Qd3 Nc6 17. Rad1 e5 18. Qc3 Qc7 19. Rd2 Rad8 20. Rfd1 e4 21. Nd4 Ne5
22. Bb3 Nd3 23. Ba1 Ng4 24. Bc2 Qxh2+ 25. Kf1 Qh1+ 26. Ke2 Qxg2 27. Rf1 Ngxf2
28. Bxd3 Nxd3+ 29. Kd1 Qxf1+ 30. Kc2 Qc1+ 31. Kb3 Qxc3+ 32. Kxc3 Ne5 33. Ne2 g5
34. Ng3 Nf3 35. Rd1 Kh7 36. Ne2 h5 37. Rc1 Bc6 38. Kc2 Kg6 39. Nd4 Nxd4+ 0-1

[Event "Qué hay de nuevo, Viejo?"]
[Site "http://www.queenalice.com/game.php?id=1776855"]
[Date "2021.12.11"]
[Round "-"]
[White "rfbcsa"]
[Black "pokemon"]
[Result "1-0"]
[WhiteElo "1822"]
[BlackElo "1926"]

1. e4 e5 2. Nf3 d6 3. d4 Nc6 4. Bc4 Nf6 5. dxe5 dxe5 6. Qxd8+ Nxd8 7. Nc3 Bd6 8.
h3 Be6 9. Bd3 O-O 10. Bg5 a6 11. Bxf6 gxf6 12. Nd5 Kh8 13. Nxf6 Be7 14. Nh5 Nc6
15. a3 Rg8 16. Ng3 f6 17. O-O-O Rgd8 18. Nh4 Nd4 19. Nhf5 c5 20. Nxe7 1-0

[Event "Àngel 1"]
[Site "http://www.queenalice.com/game.php?id=1793466"]
[Date "2022.7.31"]
[Round "-"]
[White "rfbcsa"]
[Black "pokemon"]
[Result "1-0"]
[WhiteElo "1826"]
[BlackElo "1920"]

1. e4 c6 2. Nc3 d5 3. Nf3 Bg4 4. h3 Bxf3 5. Qxf3 e6 6. Be2 Qb6 7. O-O Nf6 8. a4
Bb4 9. Na2 Nxe4 10. Nxb4 Qxb4 11. c3 Qd6 12. d3 Nf6 13. b3 Nbd7 14. Ba3 Qc7 15.
d4 a6 16. c4 Ne4 17. Qe3 a5 18. cxd5 cxd5 19. Rac1 Qb6 20. Bb5 Kd8 21. f3 Nef6
22. Bc5 Nxc5 23. Rxc5 Rc8 24. Rfc1 Rxc5 25. Rxc5 Ke7 26. Qe5 Rd8 27. Rc7+ Kf8
28. g4 Ne8 29. Rc5 Nd6 30. Qe3 Nxb5 31. Rxb5 Qa7 32. Qc3 b6 33. b4 Qb8 34. Kg2
Rc8 35. Qd2 Rc4 36. bxa5 Qc8 37. Qe3 Rxa4 38. axb6 Qb7 39. Qe5 Rc4 40. Qd6+ Ke8
41. Rc5 Qd7 42. Qb8+ Ke7 43. b7 Rxc5 44. dxc5 Kf6 45. Qc8 1-0

[Event "Àngel 2"]
[Site "http://www.queenalice.com/game.php?id=1793467"]
[Date "2022.7.31"]
[Round "-"]
[White "pokemon"]
[Black "rfbcsa"]
[Result "1-0"]
[WhiteElo "1906"]
[BlackElo "1858"]

1. d4 Nf6 2. e3 e6 3. Nf3 c5 4. c3 a6 5. Bd3 d5 6. Nbd2 Bd6 7. a3 b5 8. b4 c4 9.
Bc2 Nc6 10. e4 dxe4 11. Nxe4 Nxe4 12. Bxe4 Bb7 13. Be3 f5 14. Bc2 O-O 15. O-O h6
16. Qd2 Ne7 17. Bxh6 gxh6 18. Qxh6 Rf7 19. Ng5 Qf8 20. Qxe6 Nd5 21. Nxf7 Qxf7
22. Qxd6 Nxc3 23. Qg3+ Qg7 24. Qxg7+ Kxg7 25. Bxf5 Ne2+ 26. Kh1 Nxd4 27. Bg4 Be4
28. Rfd1 Bd3 29. Ra2 Re8 30. h3 Kf6 31. Kh2 Kg5 32. Rad2 Nc6 33. Bd7 1-0

[Event "Entrenament SM"]
[Site "http://www.queenalice.com/game.php?id=1795455"]
[Date "2022.9.2"]
[Round "-"]
[White "rfbcsa"]
[Black "pokemon"]
[Result "0-1"]
[WhiteElo "1833"]
[BlackElo "1900"]

1. e4 c6 2. Nc3 d5 3. Nf3 Bg4 4. h3 Bxf3 5. Qxf3 e6 6. d3 Bb4 7. Bd2 Nf6 8.
O-O-O Nbd7 9. Qg3 Nh5 10. Qh2 Qa5 11. Kb1 d4 12. Ne2 Bxd2 13. Nxd4 Bh6 14. g4
Nhf6 15. f4 g5 16. Nb3 Qc7 17. fxg5 Qxh2 18. Rxh2 Bxg5 19. h4 Nxg4 20. Re2 Bxh4
21. Bh3 Ngf6 22. Nd2 Bg5 23. Nc4 Ke7 24. e5 Nd5 25. Rf1 Nf4 26. Nd6 Rhf8 27. Rh2
Nxh3 28. Rxh3 h6 29. d4 b6 30. Rhf3 f5 31. c4 Nf6 32. c5 bxc5 33. dxc5 Nd7 34.
Rh1 a5 35. a4 Rab8 36. Rd1 Nxc5 0-1